• 首页
  • 本馆介绍
  • 公告通知
  • 最新文献
  • 馆藏检索
  • 电子资源
  • 读者导购
  • 参考咨询
  • 我的图书馆
  • 登录
  • 详细信息显示
  • 放入我的书架
  • 预约/预借图书
  • 作者相关作品
  • 分类相关作品
  • 丛书相关作品
  • 出版社相关作品

书目信息

  • 表格格式
  • 工作单格式
  • 卡片格式
题名:
从浪漫向现实蜕变的19世纪英国文学研究
    
 
作者: 朱璞 著
分册:  
出版信息: 长春   东北师范大学出版社  2018
页数: 256页
开本: 24cm
丛书名:
单 册:
中图分类: I561.064
科图分类:
主题词: 英国文学--ying guo wen xue--文学研究--19世纪
电子资源:
ISBN: 978-7-5681-4294-6
000 01193cam0 2200253 450
001 012001009793
005 20140103170115.0
010    @a978-7-5681-4294-6@dCNY64.00
099    @aCAL 012018181900
100    @a20181126d2018 em y0chiy50 ea
101 0  @achi
102    @aCN@b220000
105    @ay a 000yy
106    @ar
200 1  @a从浪漫向现实蜕变的19世纪英国文学研究@Acong lang man xiang xian shi tui bian de 19shi ji ying guo wen xue yan jiu@f朱璞著
210    @a长春@c东北师范大学出版社@d2018
215    @a256页@d24cm
320    @a有书目 (第253-256页)
330    @a19世纪是英国文学的辉煌时期, 本书站在文学创作思潮的角度, 对这一时期的英国文学进行了深入研究。本书包括上下两篇, 上篇为浪漫主义时期的英国文学, 具体包括浪漫主义思潮及其影响下的文学, 以及浪漫主义时期的诗歌、小说散文和戏剧等内容; 下篇为批判现实主义时期的英国文学, 具体包括批判现实主义思潮及其影响下的文学, 以及批判现实主义时期的诗歌、小说、散文和戏剧等内容。本书结构合理, 条理清晰, 内容丰富新颖, 是一本值得学习研究的著作。
606 0  @a英国文学@Aying guo wen xue@x文学研究@z19世纪
690    @aI561.064@v5
701  0 @a朱璞@AZhu Pu@4著
801  0 @aCN@b上海新华@c20191020
905    @b1189511-3@dI561.064@e1041@f3
    
    从浪漫向现实蜕变的19世纪英国文学研究/朱璞著.-长春:东北师范大学出版社,2018
    256页;24cm
    
    
    ISBN 978-7-5681-4294-6:CNY64.00
    19世纪是英国文学的辉煌时期, 本书站在文学创作思潮的角度, 对这一时期的英国文学进行了深入研究。本书包括上下两篇, 上篇为浪漫主义时期的英国文学, 具体包括浪漫主义思潮及其影响下的文学, 以及浪漫主义时期的诗歌、小说散文和戏剧等内容; 下篇为批判现实主义时期的英国文学, 具体包括批判现实主义思潮及其影响下的文学, 以及批判现实主义时期的诗歌、小说、散文和戏剧等内容。本书结构合理, 条理清晰, 内容丰富新颖, 是一本值得学习研究的著作。
●
相关链接 在E读中查询图书 在五车中查询图书 在当当中查询图书 在豆瓣中查询图书


正题名:从浪漫向现实蜕变的19世纪英国文学研究     索取号:I561.064/1041         预约/预借

序号 登录号 条形码 馆藏地/架位号 状态 备注
1 1189511   211895118   第一样本阅览室/ [索取号:I561.064/1041] 在馆    
2 1189512   211895127   第二借阅区/ [索取号:I561.064/1041] 在馆    
3 1189513   211895136   第二借阅区/ [索取号:I561.064/1041] 在馆    
唐山师范学院图书馆 欢迎您!
大连网信软件有限公司© 版权所有